| 000 | 005050000a22001930004500 | ||
|---|---|---|---|
| 001 | 000896 | ||
| 003 | MACL | ||
| 005 | 20151011161756.0 | ||
| 008 | 151011b xxu||||| |||| 00| 0 eng d | ||
| 040 |
_aMACL _cMACL |
||
| 041 | _aEnglish | ||
| 082 | _a920/GAN | ||
| 100 |
_aGandhi, Rajmohan _914443 |
||
| 245 |
_aRevenge Reconciliation _bUnderstanding South Asian History _cRajmohan Gandhi |
||
| 260 |
_aNew Delhi _c1999 _bPenguin Books, |
||
| 350 | _a295 | ||
| 650 |
_aBiography _914444 |
||
| 942 |
_k920 _cBK _2ddc |
||
| 999 |
_c894 _d894 |
||